Seven blind mice / by Ed Young.
Available copies
- 2 of 2 copies available at LARL/NWRL Consortium.
Current holds
0 current holds with 2 total copies.
Show Only Available Copies
| Location | Call Number / Copy Notes | Barcode | Shelving Location | Status | Due Date |
|---|---|---|---|---|---|
| Greenbush Public Library | E pb (Text) | 35500004709885 | Main | Available | - |
| Warroad Public Library | e YOU (Text) | 35500001630233 | Main | Available | - |
Record details
- ISBN: 0399222618
- Physical Description: [40] p. : col. ill. ; 29 cm.
- Publisher: New York : Philomel Books, 1991.
Content descriptions
| General Note: | Adaptation of: The Blind men and the elephant. |
| Summary, etc.: | Retells in verse the Indian fable of the blind men ... Read More |
Search for related items by subject
| Subject: | Fables Elephants > Folklore. Folklore > India. Stories in rhyme. |
| LDR | 01282cam a2200301Ia 4500 | ||
|---|---|---|---|
| 001 | 11188 | ||
| 003 | LARL_NWRL_CONSORTIUM | ||
| 005 | 19930322115610.0 | ||
| 008 | 900328s1991 nyu j 000 0 eng | ||
| 010 | . | ‡a90035396 /AC | |
| 020 | . | ‡a0399222618 | |
| 035 | . | ‡a(OCoLC)21562815 | |
| 040 | . | ‡aDLC ‡cDLC ‡dVPL ‡dYQR ‡dLAL | |
| 082 | 0 | 0. | ‡a398.24/5961/0954 ‡aE ‡220 |
| 099 | . | ‡aE | |
| 100 | 1 | . | ‡aYoung, Ed. ‡0(LARL_NWRL_CONSORTIUM)57283 |
| 245 | 1 | 0. | ‡aSeven blind mice / ‡cby Ed Young. |
| 260 | . | ‡aNew York : ‡bPhilomel Books, ‡c1991. | |
| 300 | . | ‡a[40] p. : ‡bcol. ill. ; ‡c29 cm. | |
| 500 | . | ‡aAdaptation of: The Blind men and the elephant. | |
| 520 | . | ‡aRetells in verse the Indian fable of the blind men discovering different parts of an elephant and arguing about its appearance. The illustrations depict the blind arguers as mice. | |
| 650 | 1. | ‡aFables ‡0(LARL_NWRL_CONSORTIUM)19880 | |
| 650 | 1. | ‡aElephants ‡xFolklore. ‡0(LARL_NWRL_CONSORTIUM)169233 | |
| 650 | 1. | ‡aFolklore ‡zIndia. ‡0(LARL_NWRL_CONSORTIUM)20484 | |
| 650 | 1. | ‡aStories in rhyme. ‡0(LARL_NWRL_CONSORTIUM)162453 | |
| 901 | . | ‡a11188 ‡bOCLC ‡c11188 ‡tbiblio | |

Add to basket
Permalink
Disable Highlighting